Les 20 Jeux Vidéos Les Plus Vendus Au Monde - Statistiques

Statistiques générales
  • Ce quiz a été pris 199 fois
  • Le résultat moyen est 4 sur 20
Statistiques - réponses
Numéro Année de sortie Réponse Nombre de Ventes % Correct
1 2011 Minecraft 300 millions
87%
2 2013 Grand Theft Auto V 200 millions
80%
18 1989 Tetris DX 32,14 millions
41%
3 2006 Tetris 100 millions
40%
14 1985 Super Mario Bros 43,17 millions
30%
6 2014 Mario Kart 8 Deluxe 71,36 millions
27%
11 1996 Pokémon Rouge /Pokémon Vert / Pokémon Jaune / Pokémon Bleu 47,19 millions
19%
12 2020 Animal Crossing :New Horizons 45,85 millions
15%
16 2017 The Legend Of Zelda : Breath Of The Wild 33,75 millions
13%
4 2006 Wii Sports 82,90 millions
13%
15 2008 Mario Kart Wii 37,38 millions
10%
5 2017 PUBG : Battlegrounds 75 millions
10%
7 2018 Red Dead Redemption II 65 millions
7%
10 2015 The Witcher 3 : Wild Hunt 50 millions
7%
19 2006 New Super Mario Bros 30,80 millions
6%
20 2009 New Super Mario Bros Wii 30,32 millions
6%
8 2011 Terraria 58,70 millions
4%
13 2007 Wii Fit 43,80 millions
4%
17 2009 Wii Sports Resort 33,14 millions
4%
9 2016 Human Fall Flat 50 millions
1%
Aucun quiz correspondant
Distribution des résultats
% des personnes avec chaque résultat
Percentile par nombre de réponses
Votre historique - résultats
Vous n’avez pas pris ce quiz